Marine Design manual for fiberglass reinforced plastics (Record no. 70768)

000 -LEADER
fixed length control field 00439nam a22001697a 4500
003 - CONTROL NUMBER IDENTIFIER
control field NUST - PNEC
005 - DATE AND TIME OF LATEST TRANSACTION
control field 20170116181147.0
008 - FIXED-LENGTH DATA ELEMENTS--GENERAL INFORMATION
fixed length control field 151013b xxu||||| |||| 00| 0 eng d
020 ## - INTERNATIONAL STANDARD BOOK NUMBER
International Standard Book Number 070231753
040 ## - CATALOGING SOURCE
Transcribing agency LIBRARY
082 ## - DEWEY DECIMAL CLASSIFICATION NUMBER
Classification number 623.81GIB
100 ## - MAIN ENTRY--PERSONAL NAME
9 (RLIN) 15107
Personal name Gibbs
245 ## - TITLE STATEMENT
Title Marine Design manual for fiberglass reinforced plastics
Statement of responsibility, etc. Gibbs
260 ## - PUBLICATION, DISTRIBUTION, ETC.
Date of publication, distribution, etc. c.1960
650 ## - SUBJECT ADDED ENTRY--TOPICAL TERM
9 (RLIN) 15110
Topical term or geographic name entry element Naval architecture
General subdivision MIS
942 ## - ADDED ENTRY ELEMENTS (KOHA)
Source of classification or shelving scheme
Koha item type Book
Holdings
Withdrawn status Lost status Source of classification or shelving scheme Damaged status Not for loan Permanent Location Current Location Shelving location Date acquired Total Checkouts Full call number Barcode Date last seen Price effective from Koha item type
          Pakistan Navy Engineering College (PNEC) Pakistan Navy Engineering College (PNEC)       623.81GIB PNECLIB-005483 10/13/2015   Book
© 2023 Central Library, National University of Sciences and Technology. All Rights Reserved.